[Event "Corr"]
[Site "?"]
[Date "2002.01.15"]
[Round "?"]
[White "Rause Mrs.Olita (LAT)"]
[Black "Anton Volker-Michael (GER"]
[Result "1/2-1/2"]
[WhiteElo "2708"]
[BlackElo "2664"]
[PlyCount "58"]
[EventDate "2002.??.??"]
[Source "www.chesslib.no"]
[SourceDate "2004.05.04"]

1. Nf3 Nf6 2. c4 e6 3. g3 d5 4. Bg2 Be7 5. d4 O-O 6. O-O c6 7. Nc3 Nbd7 8. Qd3 b6 9. Rd1 Ba6 10. b3 c5 11. Bb2 Qc7 12. a4 dxc4 13. bxc4 cxd4 14. Nxd4 Bb7 15. Ncb5 Qc8 16. Nf3 Nc5 17. Qe3 Rd8 18. a5 bxa5 19. Ba3 a6 20. Rxd8+ Qxd8 21. Bxc5 axb5 22. cxb5 a4 23. Bxe7 Qxe7 24. Ne5 Bxg2 25. Kxg2 Qb7+ 26. Qf3 Nd5 27. b6 f5 28. Nc4 Qa6 29. Rc1 a3 1/2-1/2

[Event "Chigorin Memorial"]
[Site "Sochi RUS"]
[Date "1977.??.??"]
[Round "?"]
[White "Petrosian, Tigran V"]
[Black "Krogius, Nikolai V"]
[Result "1/2-1/2"]
[WhiteElo "2645"]
[BlackElo "2545"]
[PlyCount "70"]
[EventDate "1977.08.31"]
[Source "www.chesslib.no"]
[SourceDate "2004.05.04"]

1. c4 Nf6 2. Nc3 e6 3. Nf3 d5 4. d4 Be7 5. g3 O-O 6. Bg2 Nbd7 7. O-O c6 8. Qd3 b6 9. e4 Ba6 10. b3 Rc8 11. Rd1 b5 12. cxd5 cxd5 13. e5 Ne8 14. Nxb5 Nc7 15. a4 Rb8 16. Qe3 Bxb5 17. axb5 Nxb5 18. Bf1 a5 19. Ra4 Na7 20. Bd2 Nc6 21. Rda1 Qb6 22. Bxa5 Qxb3 23. Bd2 Qxe3 24. Bxe3 Nb6 25. Ra6 Nb4 26. Ra7 Nc6 27. Rc7 Rfc8 28. Rxc8+ Rxc8 29. Bb5 Nc4 30. Bxc6 Rxc6 31. Ra8+ Bf8 32. Bg5 Rc7 33. Kg2 h6 34. Bd8 Rb7 35. g4 Kh7 1/2-1/2

[Event "Yerevan zt"]
[Site "Yerevan"]
[Date "1982.??.??"]
[Round "8"]
[White "Romanishin, Oleg M"]
[Black "Dolmatov, Sergey"]
[Result "1/2-1/2"]
[WhiteElo "2580"]
[BlackElo "2590"]
[PlyCount "218"]
[EventDate "1982.02.??"]
[Source "ChessBase"]

1. Nf3 d5 2. d4 c6 3. c4 Nf6 4. Nc3 e6 5. Qd3 Nbd7 6. g3 Be7 7. Bg2 b6 8. O-O O-O 9. e4 a5 10. b3 Ba6 11. exd5 cxd5 12. a4 Nb8 13. Ne5 Bb7 14. Qe2 Na6 15. Bf4 Nb4 16. Rac1 Rc8 17. g4 h6 18. Rfd1 Ba8 19. Bg3 Re8 20. h3 Nd7 21. cxd5 exd5 22. Nb5 Nxe5 23. Rxc8 Qxc8 24. Bxe5 Qd7 25. Nc7 Rc8 26. Qb5 Qxb5 27. Nxb5 Bb7 28. Nd6 Bxd6 29. Bxd6 Rc3 30. Re1 Bc6 31. Re3 Rxe3 32. fxe3 Nc2 33. Kf2 Na1 34. b4 axb4 35. Bxb4 Nb3 36. Ke2 g6 37. Kd3 f5 38. gxf5 gxf5 39. Bd6 Na5 40. Bf4 Kg7 41. Kc3 Nc4 42. Bf3 Kg6 43. Bd1 Be8 44. Bf3 Bc6 45. h4 h5 46. Bg3 Bb7 47. Kb4 Bc6 48. Be2 Bd7 49. Bf4 Bc6 50. Bf3 Nd2 51. Bh1 Nc4 52. Bg5 Kg7 53. Bd8 Kg6 54. Bf3 Nd2 55. Be2 Nc4 56. Bc7 Bd7 57. Bd8 Bc6 58. Bc7 Bd7 59. Bxb6 Nxb6 60. a5 Nc4 61. a6 Bc8 62. a7 Bb7 63. Kc5 Ba8 64. Bd1 Nxe3 65. Ba4 f4 66. Bc6 f3 67. Bxa8 f2 68. Bxd5 f1=Q 69. a8=Q Qc1+ 70. Kd6 Nf5+ 71. Kd7 Qe3 72. Qg8+ Ng7 73. Qf7+ Kh7 74. Qf6 Qe8+ 75. Kc7 Qa4 76. Be4+ Kg8 77. Qe5 Qc4+ 78. Kd7 Qa4+ 79. Kd8 Qb4 80. Bd5+ Kh7 81. Kc8 Qc3+ 82. Kb8 Qb4+ 83. Bb7 Qf8+ 84. Bc8 Qb4+ 85. Ka7 Qa4+ 86. Kb6 Qb4+ 87. Kc6 Qa4+ 88. Kd6 Qb4+ 89. Kd7 Qc4 90. d5 Qa4+ 91. Kc7 Qa5+ 92. Kc6 Qa4+ 93. Kb6 Qb4+ 94. Kc7 Qa5+ 95. Kb8 Qb4+ 96. Bb7 Qxh4 97. Kc7 Qf6 98. Qxf6 Ne8+ 99. Kd8 Nxf6 100. d6 Kg6 101. Ke7 Kf5 102. Ba6 Ke5 103. Bc4 Kf5 104. Be6+ Ke5 105. Bf7 h4 106. Be6 h3 107. Bxh3 Ng8+ 108. Kd7 Nf6+ 109. Kc6 Kd4 1/2-1/2

[Event "4th IECC"]
[Site "Istanbul"]
[Date "2003.06.12"]
[Round "12"]
[White "Romanishin, Oleg"]
[Black "Asrian, Karen"]
[Result "0-1"]
[WhiteElo "2558"]
[BlackElo "2596"]
[PlyCount "74"]
[EventDate "2003.05.30"]
[Source "Roberto Alvarez"]
[SourceDate "2003.06.23"]

1. d4 d5 2. c4 c6 3. Nf3 Nf6 4. Nc3 e6 5. g3 Nbd7 6. Qd3 Be7 7. Bg2 O-O 8. O-O b6 9. Rd1 Ba6 10. b3 Rc8 11. Bb2 Qc7 12. e4 Rfd8 13. e5 Ne8 14. a4 Qb8 15. Rac1 Nc7 16. Bf1 c5 17. Qe3 Bb7 18. dxc5 Bxc5 19. Qf4 h6 20. cxd5 Nxd5 21. Nxd5 Bxd5 22. Ba6 Bb7 23. Bxb7 Qxb7 24. Nd2 Be7 25. Ne4 Rxc1 26. Rxc1 Qd5 27. Nd6 f5 28. Qc4 Qxc4 29. Rxc4 Nxe5 30. Bxe5 Bxd6 31. Bxd6 Rxd6 32. Rc8+ Kh7 33. Rc7 a5 34. Kg2 Kg6 35. Rc4 Kf6 36. b4 g5 37. h3 Ke5 0-1

[Event "70. ch-BLR"]
[Site "?"]
[Date "2004.03.05"]
[Round "2"]
[White "Dydyshko Viacheslav"]
[Black "Azarov Sergei"]
[Result "1/2-1/2"]
[WhiteElo "2574"]
[BlackElo "2551"]
[PlyCount "27"]
[EventDate "2004.??.??"]
[Source "www.chesslib.no"]
[SourceDate "2004.05.04"]

1. d4 Nf6 2. c4 e6 3. g3 d5 4. Bg2 Be7 5. Nf3 O-O 6. O-O Nbd7 7. Nc3 c6 8. Qd3 b6 9. Rd1 Ba6 10. b3 Qc8 11. e4 b5 12. e5 bxc4 13. Qc2 Ne8 14. Bg5 1/2-1/2

[Event "Moscow ol (Men)"]
[Site "Moscow"]
[Date "1994.??.??"]
[Round "5"]
[White "Psakhis, Lev"]
[Black "Miladinovic, Igor"]
[Result "0-1"]
[WhiteElo "2605"]
[BlackElo "2500"]
[PlyCount "36"]
[EventDate "1994.11.??"]
[Source "ChessBase"]

1. c4 e6 2. Nf3 d5 3. d4 Nf6 4. g3 Be7 5. Bg2 O-O 6. O-O c6 7. Nc3 Nbd7 8. Qd3 b6 9. e4 Ba6 10. b3 dxc4 11. bxc4 e5 12. Rd1 Qc7 13. dxe5 Nxe5 14. Nxe5 Qxe5 15. Bb2 Qe6 16. e5 Ng4 17. Re1 Rad8 18. Qe4 Bc5 0-1

[Event "Kolkata 84/405"]
[Site "?"]
[Date "2002.??.??"]
[Round "?"]
[White "Gleizerov, E."]
[Black "Barua, D."]
[Result "1-0"]
[WhiteElo "2587"]
[BlackElo "2515"]
[PlyCount "101"]
[EventDate "2002.??.??"]
[Source "Chess Informant"]
[SourceDate "2002.02.01"]

1. d4 d5 2. c4 e6 3. Nf3 Nf6 4. g3 Be7 5. Bg2 O-O 6. O-O Nbd7 7. Nc3 c6 8. Qd3 b6 9. Rd1 Ba6 10. b3 Rc8 11. e4 c5 12. exd5 exd5 13. dxc5 dxc4 14. bxc4 Rxc5 15. Nb5 Bxb5 16. cxb5 Rd5 17. Nd4 Ne5 18. Qc3 Bc5 19. Bb2 Rd6 20. Rd2 Qd7 21. Rad1 Qg4 22. h3 Bxd4 23. hxg4 Bxc3 24. Bxc3 Rxd2 25. Rxd2 Nexg4 26. Bc6 h5 27. f3 Ne3 28. Bxf6 gxf6 29. Rd7 Kg7 30. Rxa7 Rd8 31. Rd7 Rxd7 32. Bxd7 Nc4 33. Kf2 Kf8 34. Bh3 Ke7 35. Bf1 Na3 36. f4 Kd6 37. Be2 Kc5 38. Bxh5 Nxb5 39. Bxf7 Kd4 40. Kf3 Nd6 41. Bb3 f5 42. g4 fxg4+ 43. Kxg4 b5 44. Kg5 b4 45. Kg6 Ne4 46. Bc2 Nc5 47. f5 Ke5 48. f6 Nd7 49. f7 Kd6 50. Kg7 Ke7 51. Bf5 1-0

[Event "XII It"]
[Site "Solin-Split"]
[Date "2004.12.03"]
[Round "1"]
[White "Romanishin, Oleg M"]
[Black "Godena, Michele"]
[Result "1-0"]
[WhiteElo "2543"]
[BlackElo "2550"]
[PlyCount "69"]
[EventDate "2004.12.03"]
[Source "Roberto Alvarez"]
[SourceDate "2004.12.13"]

1. d4 d5 2. c4 c6 3. Nf3 Nf6 4. Nc3 e6 5. g3 Nbd7 6. Bg2 Be7 7. O-O O-O 8. Qd3 b6 9. b3 Ba6 10. Rd1 b5 11. c5 Bb7 12. Bf4 Nh5 13. Bd2 a5 14. a3 a4 15. b4 f5 16. Qe3 Rf6 17. Ne5 Nxe5 18. Qxe5 Qd7 19. g4 Bd8 20. gxh5 Bc7 21. Qe3 f4 22. Qf3 Qf7 23. Bh3 Re8 24. Na2 e5 25. dxe5 Bxe5 26. Bc3 Rh6 27. Bg4 Qf6 28. Bxe5 Qxe5 29. Kh1 Bc8 30. Bxc8 Rxc8 31. Rg1 Rxh5 32. Nc1 Re8 33. Nd3 Qf5 34. Qg4 Qe4+ 35. f3 1-0

[Event "NOR Ch"]
[Site "Randaberg"]
[Date "1989.??.??"]
[Round "?"]
[White "Agdestein, Simen"]
[Black "Tisdall, Jonathan D"]
[Result "1-0"]
[WhiteElo "2605"]
[BlackElo "2465"]
[PlyCount "67"]
[EventDate "1989.??.??"]
[Source "www.chesslib.no"]
[SourceDate "2004.05.04"]

1. c4 e6 2. d4 Nf6 3. Nc3 d5 4. Nf3 Be7 5. g3 O-O 6. Bg2 c6 7. O-O Nbd7 8. Qd3 b6 9. e4 Ba6 10. b3 Rc8 11. Rd1 c5 12. exd5 exd5 13. dxc5 dxc4 14. Qb1 Qc7 15. c6 Qxc6 16. Ng5 Qc7 17. Nd5 Qd8 18. Nxf6+ Nxf6 19. Rxd8 Rfxd8 20. Be3 c3 21. b4 Bd3 22. Qb3 Bg6 23. Rc1 c2 24. Bf3 Bf8 25. Nh3 h6 26. Nf4 Bh7 27. h4 Rc7 28. Be2 Rdc8 29. Ba6 Rd8 30. h5 Ng4 31. Bd3 Nxe3 32. fxe3 Rdc8 33. Nd5 Rc6 34. e4 1-0

[Event "San Bernardino"]
[Site "?"]
[Date "1991.??.??"]
[Round "?"]
[White "Sosonko, G."]
[Black "Flear, G."]
[Result "1/2-1/2"]
[WhiteElo "2530"]
[BlackElo "2515"]
[PlyCount "35"]
[EventDate "1991.??.??"]
[Source "ChessBase"]
[SourceDate "1991.06.01"]

1. c4 e6 2. Nc3 d5 3. d4 Be7 4. Nf3 Nf6 5. g3 Nbd7 6. Bg2 O-O 7. Qd3 c6 8. O-O b6 9. e4 Ba6 10. b3 Rc8 11. Rd1 dxe4 12. Nxe4 b5 13. Nxf6+ Bxf6 14. Bf4 bxc4 15. bxc4 c5 16. Rac1 Qa5 17. Qe2 Rfd8 18. Ne5 1/2-1/2

[Event "EU-chT (Men)"]
[Site "Debrecen"]
[Date "1992.??.??"]
[Round "3"]
[White "Horvath, Jozsef"]
[Black "Lputian, Smbat G"]
[Result "0-1"]
[WhiteElo "2480"]
[BlackElo "2560"]
[PlyCount "130"]
[EventDate "1992.11.??"]
[Source "ChessBase"]

1. d4 d5 2. c4 e6 3. Nf3 Nf6 4. Nc3 Be7 5. g3 O-O 6. Bg2 c6 7. O-O Nbd7 8. Qd3 b6 9. e4 Ba6 10. b3 Ne8 11. Bf4 Nd6 12. Bxd6 Bxd6 13. Nd2 Rc8 14. Rfd1 Be7 15. Qf3 Bf6 16. Ne2 Rc7 17. Rac1 Qc8 18. Qe3 Bb7 19. Nf3 Re8 20. e5 Be7 21. Nf4 Nf8 22. h4 Qd8 23. Nd3 Ba6 24. Nfe1 c5 25. dxc5 d4 26. Qf4 bxc5 27. Be4 Bb7 28. Bxb7 Rxb7 29. Nf3 a5 30. Nd2 Qc7 31. Ne4 Ng6 32. Qf3 Reb8 33. Qh5 Qc6 34. Nd2 a4 35. Qe2 h6 36. Nb2 axb3 37. axb3 Ra7 38. Ra1 Rba8 39. Rxa7 Rxa7 40. h5 Nf8 41. Nd3 Nd7 42. Qe4 Qxe4 43. Nxe4 Ra3 44. Rb1 f5 45. exf6 gxf6 46. g4 Kf7 47. Kg2 f5 48. gxf5 exf5 49. Ng3 Kf6 50. Nf4 Bd6 51. Nd5+ Kg5 52. Kh3 Be5 53. Ne2 f4 54. Ng1 Kxh5 55. Nf3 Kg6 56. Kg2 Bd6 57. Re1 Kf7 58. b4 cxb4 59. Nxd4 Bc5 60. Ne6 f3+ 61. Kg3 b3 62. Nd8+ Kg8 63. Nc3 Bb4 64. Re8+ Kh7 65. Nd1 Bd6+ 0-1

[Event "Copenhagen Open"]
[Site "Copenhagen DEN"]
[Date "1986.??.??"]
[Round "4"]
[White "Murey, Jacob I"]
[Black "Smyslov, Vassily V"]
[Result "1/2-1/2"]
[WhiteElo "2460"]
[BlackElo "2575"]
[PlyCount "100"]
[EventDate "1986.06.??"]
[Source "www.chesslib.no"]
[SourceDate "2004.05.04"]

1. c4 e6 2. g3 d5 3. Bg2 Nf6 4. Nf3 Be7 5. d4 O-O 6. Nc3 c6 7. O-O Nbd7 8. Qd3 b6 9. e4 Ba6 10. b3 Rc8 11. Rd1 b5 12. cxd5 cxd5 13. e5 Ne8 14. Nxb5 Nc7 15. a4 Rb8 16. Qe3 Bxb5 17. axb5 Nxb5 18. Bf1 a5 19. Bd2 Bb4 20. Bxb4 axb4 21. Bxb5 Rxb5 22. Ra7 Nb8 23. Rc1 Rb6 24. Qd3 Nc6 25. Ra6 Qc7 26. Ng5 g6 27. h4 Qb7 28. Ra2 Rc8 29. Kg2 Ne7 30. Rxc8+ Qxc8 31. h5 h6 32. Ra7 Rb7 33. Qa6 Rxa7 34. Qxa7 Qf8 35. Nh3 gxh5 36. Nf4 h4 37. g4 Nc6 38. Qb6 Qc8 39. Qc5 Qb7 40. Nh5 Ne7 41. Qc1 Kh7 42. Nf6+ Kg7 43. Ne8+ Kh7 44. Nd6 Qa7 45. Nxf7 Qxd4 46. Qxh6+ Kg8 47. Ng5 Qxg4+ 48. Kh1 Qf5 49. Nxe6 Qe4+ 50. Kg1 Qe1+ 1/2-1/2

[Event "Lvov"]
[Site "Lvov"]
[Date "1988.??.??"]
[Round "?"]
[White "Ivanchuk, Vassily"]
[Black "Petrosian, Arshak B"]
[Result "1/2-1/2"]
[WhiteElo "2535"]
[BlackElo "2480"]
[PlyCount "47"]
[EventDate "1988.02.??"]
[Source "ChessBase"]

1. d4 d5 2. Nf3 Nf6 3. c4 e6 4. Nc3 Be7 5. g3 Nbd7 6. Bg2 c6 7. O-O O-O 8. Qd3 b6 9. cxd5 cxd5 10. Bf4 a6 11. a4 Bb7 12. Rfc1 Rc8 13. Nd2 Nh5 14. Be3 Bd6 15. f3 Nhf6 16. Bf2 Qe7 17. Bh3 Rfd8 18. Re1 Nb8 19. Rac1 Nc6 20. Nb3 Bb4 21. Qb1 Na5 22. Nxa5 Bxa5 23. Red1 Bb4 24. Na2 1/2-1/2

[Event "Bundesliga 8081"]
[Site "Germany"]
[Date "1981.??.??"]
[Round "?"]
[White "Borik, Otto"]
[Black "Spassky, Boris V"]
[Result "1/2-1/2"]
[WhiteElo "2390"]
[BlackElo "2615"]
[PlyCount "71"]
[EventDate "1980.10.??"]
[Source "ChessBase"]
[SourceDate "1999.07.01"]

1. Nf3 Nf6 2. c4 e6 3. d4 d5 4. Nc3 Be7 5. g3 O-O 6. Bg2 Nbd7 7. Qd3 c6 8. O-O b6 9. cxd5 exd5 10. e4 dxe4 11. Nxe4 Bb7 12. Nxf6+ Bxf6 13. Rd1 Re8 14. Bf4 Nf8 15. Rac1 Ne6 16. Be3 Qe7 17. Qb3 Rad8 18. Qa4 Rd5 19. Ne5 Ra5 20. Qb3 Nxd4 21. Bxd4 Bxe5 22. Bxe5 Rxe5 23. Bxc6 Bxc6 24. Rxc6 Re2 25. Rcd6 g6 26. Qc3 Qe5 27. Qxe5 R8xe5 28. R1d2 Kg7 29. Kg2 Rxd2 30. Rxd2 Kf6 31. Rd7 Ra5 32. a3 Rb5 33. Rxa7 Rxb2 34. a4 h5 35. h4 Ke6 36. a5 1/2-1/2

[Event "ISL Team Ch"]
[Site "Island"]
[Date "1995.??.??"]
[Round "?"]
[White "Petursson, Margeir"]
[Black "Sigurjonsson, Gudmundur"]
[Result "1-0"]
[WhiteElo "2535"]
[BlackElo "2465"]
[PlyCount "67"]
[EventDate "1995.??.??"]
[Source "www.chesslib.no"]
[SourceDate "2004.05.04"]

1. c4 e6 2. Nc3 d5 3. d4 Be7 4. Nf3 Nf6 5. g3 O-O 6. Bg2 Nbd7 7. Qd3 c6 8. O-O b6 9. e4 Ba6 10. b3 Rc8 11. Rd1 c5 12. exd5 exd5 13. Nb5 cxd4 14. Nfxd4 Bc5 15. Nxa7 dxc4 16. Qf1 b5 17. Nxc8 Qxc8 18. Bf4 Re8 19. a4 bxa4 20. bxc4 Nb6 21. Nb5 Ng4 22. Nd6 Bxd6 23. Rxd6 Bxc4 24. Qb1 Bb3 25. Rxb6 Qc5 26. Be3 Nxe3 27. Rc6 Qd4 28. fxe3 Rxe3 29. Kh1 g6 30. Qg1 Qd2 31. Rd6 Qc3 32. Rc6 Qe5 33. Rcc1 Re2 34. Re1 1-0

[Event "Piloo Mody Open"]
[Site "Lucknow"]
[Date "2004.10.03"]
[Round "3"]
[White "Kotsur, Pavel"]
[Black "Saptarshi, Roy Chowdhury"]
[Result "1-0"]
[WhiteElo "2607"]
[BlackElo "2393"]
[PlyCount "59"]
[EventDate "2004.10.01"]
[Source "Roberto Alvarez"]
[SourceDate "2004.10.18"]

1. d4 d5 2. c4 e6 3. Nf3 c6 4. Qd3 Nf6 5. g3 Be7 6. Bg2 O-O 7. O-O Nbd7 8. Nc3 b6 9. b3 Ba6 10. Rd1 Rc8 11. e4 dxe4 12. Nxe4 h6 13. Bb2 Re8 14. Nxf6+ Bxf6 15. Ne5 Bb7 16. Ng4 Be7 17. d5 cxd5 18. cxd5 exd5 19. Bxd5 Bxd5 20. Qxd5 Rc2 21. Rab1 Nf6 22. Qf3 Qa8 23. Qxa8 Rxa8 24. Ne3 Rc7 25. Nf5 Rac8 26. Be5 Rb7 27. Bxf6 gxf6 28. Nxh6+ Kh7 29. Nxf7 Rc2 30. Nd6 1-0

[Event "LXIV Campionato polacco"]
[Site "Opole POL"]
[Date "2007.02.16"]
[Round "8"]
[White "Wojtaszek, R."]
[Black "Bobula, M."]
[Result "1-0"]
[WhiteElo "2637"]
[BlackElo "2359"]
[PlyCount "109"]
[EventDate "2007.02.09"]
[Source "www.chesslib.no"]
[SourceDate "2004.05.04"]

1. c4 e6 2. g3 d5 3. Bg2 Nf6 4. Nf3 Be7 5. O-O O-O 6. d4 c6 7. Nc3 Nbd7 8. Qd3 b6 9. b3 Bb7 10. Rd1 Rc8 11. e4 dxe4 12. Nxe4 c5 13. Nxf6+ Bxf6 14. Ng5 Bxg5 15. Bxb7 Rc7 16. Bxg5 Qxg5 17. Bg2 Nf6 18. dxc5 Qxc5 19. Qd6 Rfc8 20. Qf4 h6 21. Rd2 Rd7 22. Rxd7 Nxd7 23. Rd1 Nf6 24. Bb7 Rc7 25. Rd8+ Kh7 26. Be4+ Nxe4 27. Qxe4+ g6 28. Qf4 Qe7 29. Re8 Qd7 30. Qe5 f6 31. Qxe6 Qxe6 32. Rxe6 Kg7 33. Kf1 Kf7 34. Rd6 Ke7 35. Rd5 Rc8 36. Ke2 Ke6 37. h4 h5 38. Ke3 a5 39. Kd4 Rc6 40. a3 Rc8 41. a4 Rc6 42. c5 bxc5+ 43. Rxc5 Rb6 44. Kc4 Ra6 45. Kb5 Ra8 46. Rc6+ Kf5 47. Ra6 Rb8+ 48. Rb6 Ra8 49. Kc6 Ke4 50. Kb7 Rf8 51. b4 Kf3 52. bxa5 Kxf2 53. Rb3 g5 54. a6 gxh4 55. gxh4 1-0

[Event "IBM"]
[Site "Amsterdam"]
[Date "1974.??.??"]
[Round "8"]
[White "Sosonko, Gennadi"]
[Black "Csom, Istvan"]
[Result "1/2-1/2"]
[WhiteElo "2450"]
[BlackElo "2540"]
[PlyCount "89"]
[EventDate "1974.??.??"]
[Source "ChessBase"]

1. d4 Nf6 2. c4 e6 3. g3 d5 4. Bg2 Be7 5. Nf3 c6 6. O-O O-O 7. Nc3 Nbd7 8. Qd3 b6 9. e4 Ba6 10. b3 Qc8 11. a4 Rd8 12. Bg5 h6 13. Bf4 Bb4 14. exd5 cxd5 15. Nb5 Qb7 16. Rfc1 Rac8 17. Rc2 Qa8 18. Qe2 Nf8 19. Nc7 Qb7 20. Nxa6 Qxa6 21. Ne5 Bd6 22. Qf3 dxc4 23. bxc4 Bxe5 24. Bxe5 N6d7 25. Bf4 Nf6 26. Be5 N6d7 27. Qb7 Qxb7 28. Bxb7 Nxe5 29. Bxc8 Nf3+ 30. Kg2 Nxd4 31. Rd2 e5 32. Bb7 Rb8 33. Rxd4 exd4 34. Bd5 Ne6 35. f4 Nc5 36. a5 Nb3 37. axb6 Nxa1 38. bxa7 Rd8 39. a8=Q Rxa8 40. Bxa8 Nb3 41. Be4 g6 42. Bd5 Kg7 43. Kf3 Nc5 44. h4 f6 45. Ke2 1/2-1/2

[Event "St.Martin"]
[Site "?"]
[Date "1991.??.??"]
[Round "?"]
[White "Petursson, M."]
[Black "Renet, O."]
[Result "1-0"]
[WhiteElo "2515"]
[BlackElo "2470"]
[PlyCount "97"]
[EventDate "1991.??.??"]
[Source "ChessBase"]
[SourceDate "1991.06.01"]

1. c4 e6 2. Nc3 d5 3. d4 Be7 4. Nf3 Nf6 5. g3 Nbd7 6. Bg2 O-O 7. Qd3 c6 8. O-O b6 9. e4 Ba6 10. b3 Rc8 11. a4 Ne8 12. exd5 cxd5 13. Nb5 dxc4 14. bxc4 Nd6 15. Nd2 Bxb5 16. axb5 Qc7 17. Ba3 Rfd8 18. Rac1 Nf5 19. Bxe7 Nxe7 20. Rfe1 Nb8 21. Nf3 a6 22. bxa6 Nxa6 23. Qa3 Ra8 24. Ne5 Ra7 25. Qb2 Nb8 26. d5 Na6 27. dxe6 fxe6 28. Rb1 Rb8 29. Qe2 Rf8 30. Nc6 Nxc6 31. Qxe6+ Qf7 32. Bxc6 Qxe6 33. Rxe6 Nc5 34. Re2 Rb8 35. Reb2 Ra6 36. Rb5 Na4 37. c5 Kf8 38. R1b3 g6 39. Kg2 Kg7 40. Bf3 Kh6 41. h4 Kg7 42. g4 Kf6 43. g5+ Ke7 44. R3b4 Kd7 45. c6+ Kc7 46. Re5 Nc5 47. Rd4 Rc8 48. Re7+ Kb8 49. Bg4 1-0

[Event "6th Dubai Open"]
[Site "Dubai"]
[Date "2004.04.26"]
[Round "8.9"]
[White "Gleizerov, Evgeny"]
[Black "Nadera, Barlo A"]
[Result "1-0"]
[WhiteElo "2592"]
[BlackElo "2390"]
[PlyCount "95"]
[EventDate "2004.04.19"]
[Source "Roberto Alvarez"]
[SourceDate "2004.05.03"]

1. d4 d5 2. c4 e6 3. Nf3 Nf6 4. g3 Be7 5. Bg2 O-O 6. O-O c6 7. Nc3 Nbd7 8. Qd3 b6 9. Rd1 a5 10. b3 Ba6 11. Bb2 Qb8 12. a4 Rd8 13. e4 Ra7 14. Qe2 Bb4 15. exd5 Bxc3 16. dxc6 Bxb2 17. Qxb2 Nf8 18. Ne5 Ng6 19. f4 Ne7 20. Qf2 Rd6 21. g4 Qd8 22. g5 Ne8 23. Be4 f5 24. Bf3 Bc8 25. Rd2 Qc7 26. Qg2 Ba6 27. Rad1 Ra8 28. h4 Rad8 29. h5 Bc8 30. Kh2 Qa7 31. Kg3 Nc7 32. g6 hxg6 33. hxg6 Ne8 34. Qh2 Nf6 35. Rh1 Kf8 36. Qg1 Qc7 37. Rh8+ Neg8 38. Nf7 Ke7 39. Nxd8 Rxd8 40. Qe3 Nh6 41. Rxd8 Qxd8 42. d5 Nhg4 43. Bxg4 Nxg4 44. Qd4 Nf6 45. d6+ Kf8 46. d7 Bxd7 47. cxd7 Ne4+ 48. Kh3 1-0

[Event "Montpellier opA"]
[Site "Montpellier"]
[Date "1998.??.??"]
[Round "3"]
[White "Flear, Glenn C"]
[Black "Dizdar, Goran"]
[Result "1/2-1/2"]
[WhiteElo "2445"]
[BlackElo "2530"]
[PlyCount "51"]
[EventDate "1998.07.??"]
[Source "www.chesslib.no"]
[SourceDate "2004.05.04"]

1. d4 Nf6 2. c4 e6 3. g3 d5 4. Bg2 Be7 5. Nf3 O-O 6. O-O c6 7. Nc3 Nbd7 8. Qd3 b6 9. e4 Ba6 10. b3 dxc4 11. bxc4 e5 12. Rd1 Qc7 13. dxe5 Nxe5 14. Nxe5 Qxe5 15. Bf4 Qe6 16. Nd5 cxd5 17. exd5 Qd7 18. d6 Rad8 19. Qc2 Bb7 20. dxe7 Qxe7 21. Re1 Qd7 22. Rad1 Qc8 23. Rxd8 Rxd8 24. Bxb7 Qxb7 25. Bg5 Qc6 26. Bxf6 1/2-1/2

[Event "Keres mem op 25th"]
[Site "Vancouver"]
[Date "2000.05.20"]
[Round "8"]
[White "Orlov, Georgi"]
[Black "Ivkov, Borislav"]
[Result "0-1"]
[WhiteElo "2512"]
[BlackElo "2450"]
[PlyCount "74"]
[EventDate "2000.05.13"]
[Source "ChessBase"]
[SourceDate "2000.07.11"]

1. Nf3 Nf6 2. c4 e6 3. Nc3 d5 4. d4 Be7 5. g3 O-O 6. Bg2 c6 7. O-O Nbd7 8. Qd3 b6 9. e4 Ba6 10. b3 dxe4 11. Nxe4 b5 12. Nxf6+ Bxf6 13. Bf4 bxc4 14. bxc4 Nb6 15. Rac1 c5 16. Ne5 Bxe5 17. Bxe5 Rc8 18. Qa3 Bxc4 19. dxc5 Bxf1 20. Bxf1 Nd5 21. Ba6 Qg5 22. Bd6 Rfd8 23. Bxc8 Rxc8 24. Rb1 Qf5 25. Re1 h5 26. h4 Nf6 27. Qa6 Rd8 28. Qb7 Qc2 29. Qc7 Rd7 30. Qc8+ Kh7 31. Qc6 Qxa2 32. Qf3 Qc2 33. Qe3 Rb7 34. Kg2 Rb3 35. Qf4 Rc3 36. Re5 Qd1 37. Be7 Rc1 0-1

[Event "San Martin"]
[Site "San Martin"]
[Date "1993.??.??"]
[Round "3"]
[White "Sorokin, Maxim"]
[Black "Hoffman, Alejandro"]
[Result "1/2-1/2"]
[WhiteElo "2515"]
[BlackElo "2440"]
[PlyCount "99"]
[EventDate "1993.05.??"]
[Source "ChessBase"]

1. Nf3 d5 2. d4 Nf6 3. c4 e6 4. Nc3 Be7 5. g3 O-O 6. Bg2 c6 7. O-O Nbd7 8. Qd3 b6 9. e4 Ba6 10. b3 dxc4 11. bxc4 e5 12. Rd1 Qc7 13. dxe5 Nxe5 14. Nxe5 Qxe5 15. Bf4 Qc5 16. e5 Nh5 17. Be3 Qxe5 18. Bxc6 Rad8 19. Bd4 Qg5 20. Nb5 Bc5 21. Qe3 Qxe3 22. fxe3 Nf6 23. Bxc5 bxc5 24. Nxa7 Bxc4 25. Rdc1 Be6 26. Rxc5 Rd2 27. a4 Ng4 28. a5 Rfd8 29. a6 Rd1+ 30. Rxd1 Rxd1+ 31. Kg2 Rd2+ 32. Kf1 Nxe3+ 33. Ke1 Ra2 34. Bb5 Nc2+ 35. Kd1 Nb4 36. Bc4 Ra1+ 37. Ke2 Nxa6 38. Rc6 Nb4 39. Rb6 g6 40. Bxe6 fxe6 41. Nc8 Ra2+ 42. Kd1 Nd5 43. Rxe6 Rxh2 44. Nd6 Kg7 45. Ke1 h5 46. Nc4 Rg2 47. Ne3 Nxe3 48. Rxe3 Kf6 49. Kf1 Ra2 50. Re4 1/2-1/2

[Event "Warsaw Open"]
[Site "Warsaw POL"]
[Date "1989.??.??"]
[Round "?"]
[White "Romanishin, Oleg M"]
[Black "Pisulinski, Jan"]
[Result "1-0"]
[WhiteElo "2555"]
[BlackElo "2400"]
[PlyCount "99"]
[EventDate "1989.04.??"]
[Source "www.chesslib.no"]
[SourceDate "2004.05.04"]

1. d4 Nf6 2. Nf3 e6 3. g3 d5 4. Bg2 Be7 5. c4 O-O 6. O-O c6 7. Nc3 Nbd7 8. Qd3 b6 9. Rd1 Ba6 10. b3 Rc8 11. e4 dxc4 12. bxc4 b5 13. cxb5 cxb5 14. e5 Bb4 15. Ne2 Nd5 16. Ng5 g6 17. Bxd5 exd5 18. e6 fxe6 19. Nxe6 Qf6 20. Nxf8 Bxf8 21. Nf4 b4 22. Qe3 Bc4 23. a3 b3 24. Rb1 Qf7 25. Rxb3 Bxb3 26. Qxb3 Nf6 27. Be3 Bd6 28. Nd3 Rb8 29. Qc3 Ne4 30. Qc6 Rb3 31. Bf4 Rc3 32. Qa8+ Kg7 33. Bxd6 Nxd6 34. Ne5 Qb7 35. Qd8 Ne4 36. Nd7 Rf3 37. Qe7+ Kh6 38. Qh4+ Kg7 39. Qe7+ Kh6 40. Qh4+ Kg7 41. Nc5 Qb2 42. Qe7+ Kh6 43. Rf1 Ng5 44. Kg2 Qxa3 45. Qe2 Rc3 46. Qd2 Rxc5 47. dxc5 Qf3+ 48. Kg1 Kh5 49. h4 Kg4 50. Kh2 1-0

[Event "Hoogovens-B"]
[Site "Wijk aan Zee"]
[Date "1994.??.??"]
[Round "9"]
[White "Hansen, Lars Bo"]
[Black "Pliester, Leon"]
[Result "1/2-1/2"]
[WhiteElo "2545"]
[BlackElo "2395"]
[PlyCount "53"]
[EventDate "1994.01.??"]
[Source "ChessBase"]

1. d4 Nf6 2. Nf3 e6 3. g3 d5 4. Bg2 Be7 5. O-O O-O 6. c4 c6 7. Nc3 Nbd7 8. Qd3 b6 9. e4 Ba6 10. b3 dxc4 11. bxc4 e5 12. Rd1 exd4 13. Nxd4 Ne5 14. Qc2 Qe8 15. Bg5 Bxc4 16. Nf5 Rd8 17. h3 h6 18. Rxd8 Bxd8 19. Bf4 b5 20. Qd2 Qd7 21. Bxh6 gxh6 22. Qxh6 Ne8 23. Qh5 Qe6 24. Nh6+ Kg7 25. Nf5+ Kg8 26. Nh6+ Kg7 27. Nf5+ 1/2-1/2

[Event "Bundesliga 2003-4"]
[Site "St Ingbert"]
[Date "2004.02.14"]
[Round "8"]
[White "Gross, Georg"]
[Black "Vaganian, Rafael A"]
[Result "0-1"]
[WhiteElo "2316"]
[BlackElo "2623"]
[PlyCount "62"]
[EventDate "2004.01.01"]
[Source "Roberto Alvarez"]
[SourceDate "2004.02.16"]

1. d4 e6 2. g3 Nf6 3. Bg2 d5 4. Nf3 Be7 5. O-O O-O 6. c4 c6 7. Nc3 Nbd7 8. Qd3 b6 9. Rd1 a5 10. e4 Ba6 11. b3 b5 12. cxb5 cxb5 13. e5 b4 14. Qc2 Rc8 15. exf6 Nxf6 16. Ne5 Rxc3 17. Qb1 Nd7 18. Bd2 Rc8 19. Nxd7 Qxd7 20. a3 bxa3 21. Bxa5 Be2 22. Rd2 Qb5 23. b4 Rc3 24. Bf1 Bxf1 25. Qxf1 Qa4 26. Qd1 Qxd1+ 27. Rdxd1 Rb8 28. Rab1 Rb5 29. Kf1 g5 30. h3 a2 31. Rb2 Ra3 0-1